A State from Scratch/ (Record no. 7135)
[ view plain ]
| 000 -LEADER | |
|---|---|
| fixed length control field | 00694nam a22002417a 4500 |
| 003 - CONTROL NUMBER IDENTIFIER | |
| control field | BUBTL |
| 008 - FIXED-LENGTH DATA ELEMENTS--GENERAL INFORMATION | |
| fixed length control field | 231113b ||||| |||| 00| 0 eng d |
| 020 ## - INTERNATIONAL STANDARD BOOK NUMBER | |
| International Standard Book Number | 978984928801 |
| 041 ## - LANGUAGE CODE | |
| Language code of text/sound track or separate title | eng |
| 082 ## - DEWEY DECIMAL CLASSIFICATION NUMBER | |
| Edition number | Ist ed. |
| Classification number | 954.92/ R1293a/ 2018 |
| 245 ## - TITLE STATEMENT | |
| Title | A State from Scratch/ |
| Remainder of title | |
| Statement of responsibility, etc. | Aninda Rahman |
| 250 ## - EDITION STATEMENT | |
| Edition statement | Ist ed. |
| 260 ## - PUBLICATION, DISTRIBUTION, ETC. (IMPRINT) | |
| Place of publication, distribution, etc. | Dhaka : |
| Name of publisher, distributor, etc. | Charcha, |
| Date of publication, distribution, etc. | c2018 |
| 300 ## - PHYSICAL DESCRIPTION | |
| Extent | 95 p. : |
| Other physical details | ills ; |
| Dimensions | 18 cm. |
| 505 ## - FORMATTED CONTENTS NOTE | |
| Formatted contents note | A State from Scratch, Aninda Rahman, Bangabandhu |
| 526 ## - STUDY PROGRAM INFORMATION NOTE | |
| Program name | Bangabandhu |
| 650 #0 - SUBJECT ADDED ENTRY--TOPICAL TERM | |
| 9 (RLIN) | 4372 |
| Topical term or geographic name as entry element | Bangabandhu |
| 650 #0 - SUBJECT ADDED ENTRY--TOPICAL TERM | |
| 9 (RLIN) | 3573 |
| Topical term or geographic name as entry element | বঙ্গবন্ধু |
| 700 ## - ADDED ENTRY--PERSONAL NAME | |
| 9 (RLIN) | 5574 |
| Personal name | Rahman, Aninda |
| 856 ## - ELECTRONIC LOCATION AND ACCESS | |
| Password | 0 |
| Logon | 0 |
| Link text | Download |
| 942 ## - ADDED ENTRY ELEMENTS (KOHA) | |
| Source of classification or shelving scheme | |
| Koha item type | Books |
| Withdrawn status | Lost status | Source of classification or shelving scheme | Damaged status | Not for loan | Collection code | Permanent location | Current location | Shelving location | Date acquired | Source of acquisition | Inventory number | Total Checkouts | Full call number | Barcode | Date last seen | Copy number | Price effective from | Koha item type |
|---|---|---|---|---|---|---|---|---|---|---|---|---|---|---|---|---|---|---|
| Non-fiction | Bangladesh University of Business and Technology Library | Bangladesh University of Business and Technology Library | Historical Books | 03/14/2020 | Purchase | 27258 | 954.92/ R1293a/ 2018 | BUBTL-200327258 | 11/13/2023 | C-1 | 11/13/2023 | Books |
